عرض عادي
عرض مارك
- Benson, Phil,
مدخل إسم شخص
001 - رقم الضبط
- حقل الضبط: 19225
003 - معرف رقم الضبط
- حقل الضبط: OSt
005 - تاريخ ووقت أخر عملية
- حقل الضبط: 20121229182855.0
008 - عناصر بيانات ثابتة الطول
- حقل تحكم ثابت الطول: 121229|||a|||||| | ||| d
040 ## - مصدر الفهرسة
- هيئة الفهرسة الأصلية: OSt
- وكالة الكتابة: OSt
100 ## - مدخل -- أسم شخص
- إسم شخص: Benson, Phil,
- تواريخ مرتبطة بالاسم: 1955-
670 ## - بيانات المصدر موجوده
- الاستشهاد بالمصدر: Work cat.: (OSt)0: Benson, Phil, 1955-, Teaching and researching autonomy /, 2011.
